1964 US Presidential Election Map Click Quiz - Statistics

General Stats
  • This quiz has been taken 10 times
  • The average score is 44 of 51
Answer Stats
Hint Answer % Correct
California LBJ (Lyndon B. Johnson)
90%
Colorado LBJ (Lyndon B. Johnson)
90%
Connecticut LBJ (Lyndon B. Johnson)
90%
Delaware LBJ (Lyndon B. Johnson)
90%
Florida LBJ (Lyndon B. Johnson)
90%
Hawaii LBJ (Lyndon B. Johnson)
90%
Idaho LBJ (Lyndon B. Johnson)
90%
Illinois LBJ (Lyndon B. Johnson)
90%
Indiana LBJ (Lyndon B. Johnson)
90%
Iowa LBJ (Lyndon B. Johnson)
90%
Kansas LBJ (Lyndon B. Johnson)
90%
Kentucky LBJ (Lyndon B. Johnson)
90%
Maine LBJ (Lyndon B. Johnson)
90%
Maryland LBJ (Lyndon B. Johnson)
90%
Massachusetts LBJ (Lyndon B. Johnson)
90%
Michigan LBJ (Lyndon B. Johnson)
90%
Minnesota LBJ (Lyndon B. Johnson)
90%
Missouri LBJ (Lyndon B. Johnson)
90%
Montana LBJ (Lyndon B. Johnson)
90%
Nebraska LBJ (Lyndon B. Johnson)
90%
Nevada LBJ (Lyndon B. Johnson)
90%
New Hampshire LBJ (Lyndon B. Johnson)
90%
New Jersey LBJ (Lyndon B. Johnson)
90%
New Mexico LBJ (Lyndon B. Johnson)
90%
New York LBJ (Lyndon B. Johnson)
90%
North Carolina LBJ (Lyndon B. Johnson)
90%
North Dakota LBJ (Lyndon B. Johnson)
90%
Ohio LBJ (Lyndon B. Johnson)
90%
Oklahoma LBJ (Lyndon B. Johnson)
90%
Oregon LBJ (Lyndon B. Johnson)
90%
Pennsylvania LBJ (Lyndon B. Johnson)
90%
Rhode Island LBJ (Lyndon B. Johnson)
90%
South Dakota LBJ (Lyndon B. Johnson)
90%
Tennessee LBJ (Lyndon B. Johnson)
90%
Texas LBJ (Lyndon B. Johnson)
90%
Utah LBJ (Lyndon B. Johnson)
90%
Vermont LBJ (Lyndon B. Johnson)
90%
Virginia LBJ (Lyndon B. Johnson)
90%
Washington LBJ (Lyndon B. Johnson)
90%
West Virginia LBJ (Lyndon B. Johnson)
90%
Wisconsin LBJ (Lyndon B. Johnson)
90%
Wyoming LBJ (Lyndon B. Johnson)
90%
DC (District of Columbia) LBJ (Lyndon B. Johnson)
90%
Alabama Barry Goldwater
80%
Arizona Barry Goldwater
80%
Georgia Barry Goldwater
80%
Alaska LBJ (Lyndon B. Johnson)
80%
Louisiana Barry Goldwater
70%
Arkansas LBJ (Lyndon B. Johnson)
70%
Mississippi Barry Goldwater
60%
South Carolina Barry Goldwater
50%
No matching quizzes found
Score Distribution
Percent of People with Each Score
Percentile by Number Answered
Your Score History
You have not taken this quiz